Amerika tarihinin ana hatları (Record no. 925)

MARC details
000 -BAŞLIK
Sabit Uzunlukta Kontrol Alanı 00666na a2200229 4500
001 - KONTROL NUMARASI
Denetim Alanı 15075
003 - KONTROL NUMARASI IDENTIFIER
Denetim Alanı MIRAKIL
005 - SON İŞLEM TARİHİ VE ZAMANI
Denetim Alanı 20181213154806.0
008 - SABİT-BOY VERİ ELEMANLARI - GENEL BİLGİLER
Sabit Uzunlukta Kontrol Alanı 161028b tu 000 0
035 ## - SİSTEM KONTROL NUMARASI
Sistem Kontrol Numarası 15075
040 ## - KATALOGLAMA KAYNAK
Orijinal Kataloglama Ajansı Milas
Kataloglama Dili tur
Metne Dönüştürmek Ajansı TR-AnCHP
041 ## - DİL KODU
Metin / Ses Parça Veya Ayrı Başlığın Dil Kodu tur
082 ## - DEWEY ONLU SINIFLANDIRMA NUMARASI
Sınıflandırma Numarası 973
Ürün Numarası A53 1951
090 ## - SINIFLAMA NUMARASI
Sınıflama Numarası 973 A53 1951
245 ## - BAŞLIK TABLOSU
Başlık Amerika tarihinin ana hatları
Sorumluluk Tablosu, Vb Amerika Birleşik Devletleri Dışişleri Bakanlığı
260 ## - YAYIN, DAĞITIM, VB
Yayın, Dağıtım, Vb Yeri İstanbul
Yayıncı, Dağıtıcı, Vs Adı [İktisadi İşbirliği İdaresi Türkiye Özel Misyonu]
Yayın, Dağıtım, Vb Tarihi 1951
300 ## - FİZİKSEL TANIM
Kapsam 161 s.
Diğer Fiziksel Ayrıntıları res.
Boyutlar 23 sm.
650 ## - KONU KATMA GİRİŞ - TOPİKAL DÖNEM
Topikal Süreli Veya Coğrafi Ad Giriş Elemanı Tarih
Coğrafi Alt Bölümü ABD
651 ## - KONU KATMA GİRİŞ - COĞRAFİ ADI
Coğrafi İsim ABD
Genel Alt Bölümü Tarih
710 ## - KATMA GİRİŞ - KURUMSAL ADI
Giriş Elemanı Olarak Kurumsal Ad Veya Yargı Alanı Adı ABD Dış İşleri Bakanlığı
942 ## - EKLENDİ GİRİŞ ELEMANLARI (KOHA)
Sınıflandırma Veya Raf Düzeni Kaynak Dewey Decimal Classification
Koha Öğesi Türü Books
999 ## - SİSTEM KONTROL NUMARALARI (KOHA)
Koha Biblionumber 925
Koha Biblioitemnumber 925
Holdings
Kalıcı Konum Mevcut Konum Edinme Tarihi Edinim Kaynak Toplam Check-Out'Lar Tam Çağrı Numarası Barkod Tarih Son Görülme İtibaren Geçerli Fiyatlar Koha Öğesi Türü
CHP Kütüphanesi CHP Kütüphanesi 09/03/2016 Bağış   973 A53 1951 003248 09/03/2016 09/03/2016 Books